[Event "Turniej Blitza na II Lidze Juniorów 2018"]
[Site "Szczyrk, Poland"]
[Date "????.??.??"]
[Round "7.46"]
[White "Chodorowski, Adrian"]
[Black "Pisarek, Jan"]
[Result "1-0"]
[TimeControl "3'+2\""]
[WhiteElo "1401"]
[BlackElo "1136"]

1. e4 {[%clk 00:03:01]} {[%emt 00:00:03]} g6 {[%clk 00:03:04]} {[%emt
00:00:01]} 2. f4 {[%clk 00:02:58]} {[%emt 00:00:05]} Bg7 {[%clk 00:03:04]}
{[%emt 00:00:01]} 3. Nf3 {[%clk 00:02:58]} {[%emt 00:00:02]} c6 {[%clk
00:03:05]} {[%emt 00:00:01]} 4. Bc4 {[%clk 00:02:59]} {[%emt 00:00:02]} Nf6
{[%clk 00:03:04]} {[%emt 00:00:03]} 5. Nc3 {[%clk 00:02:57]} {[%emt 00:00:03]}
d6 {[%clk 00:03:05]} {[%emt 00:00:02]} 6. O-O {[%clk 00:02:55]} {[%emt
00:00:04]} Nbd7 {[%clk 00:03:05]} {[%emt 00:00:01]} 7. e5 {[%clk 00:02:46]}
{[%emt 00:00:11]} dxe5 {[%clk 00:02:54]} {[%emt 00:00:14]} 8. fxe5 {[%clk
00:02:46]} {[%emt 00:00:01]} Nd5 {[%clk 00:02:49]} {[%emt 00:00:07]} 9. Nxd5
{[%clk 00:02:34]} {[%emt 00:00:14]} cxd5 {[%clk 00:02:50]} {[%emt 00:00:01]} 10.
Bxd5 {[%clk 00:02:29]} {[%emt 00:00:07]} O-O {[%clk 00:02:48]} {[%emt
00:00:04]} 11. e6 {[%clk 00:02:30]} {[%emt 00:00:02]} fxe6 {[%clk 00:02:47]}
{[%emt 00:00:03]} 12. Bxe6+ {[%clk 00:02:30]} {[%emt 00:00:01]} Kh8 {[%clk
00:02:47]} {[%emt 00:00:02]} 13. Ng5 {[%clk 00:02:31]} {[%emt 00:00:01]} Ne5
{[%clk 00:02:24]} {[%emt 00:00:25]} 14. d4 {[%clk 00:02:30]} {[%emt 00:00:03]}
Rxf1+ {[%clk 00:02:11]} {[%emt 00:00:15]} 15. Qxf1 {[%clk 00:02:30]} {[%emt
00:00:02]} Bxe6 {[%clk 00:02:12]} {[%emt 00:00:01]} 16. Nxe6 {[%clk 00:02:28]}
{[%emt 00:00:05]} Qb6 {[%clk 00:02:02]} {[%emt 00:00:12]} 17. Nxg7 {[%clk
00:02:01]} {[%emt 00:00:29]} Kxg7 {[%clk 00:02:00]} {[%emt 00:00:03]} 18. c3
{[%clk 00:01:58]} {[%emt 00:00:05]} Nf7 {[%clk 00:01:45]} {[%emt 00:00:17]} 19.
Qf4 {[%clk 00:01:55]} {[%emt 00:00:05]} Re8 {[%clk 00:01:35]} {[%emt 00:00:13]}
20. Be3 {[%clk 00:01:56]} {[%emt 00:00:01]} Qxb2 {[%clk 00:01:28]} {[%emt
00:00:09]} 21. Rf1 {[%clk 00:01:57]} Qxa2 {[%clk 00:01:22]} {[%emt 00:00:08]}
22. Qh4 {[%clk 00:01:26]} {[%emt 00:00:33]} Qd5 {[%clk 00:00:58]} {[%emt
00:00:25]} 23. Qf2 {[%clk 00:00:47]} {[%emt 00:00:41]} Kg8 {[%clk 00:00:35]}
{[%emt 00:00:26]} 24. Qe2 {[%clk 00:00:41]} {[%emt 00:00:07]} e5 {[%clk
00:00:31]} {[%emt 00:00:07]} 25. c4 {[%clk 00:00:37]} {[%emt 00:00:06]} Qd7
{[%clk 00:00:19]} {[%emt 00:00:13]} 26. d5 {[%clk 00:00:38]} b6 {[%clk
00:00:19]} {[%emt 00:00:03]} 27. Qf3 {[%clk 00:00:28]} {[%emt 00:00:11]} Nd6
{[%clk 00:00:17]} {[%emt 00:00:04]} 28. Bh6 {[%clk 00:00:21]} {[%emt 00:00:09]}
Qf7 {[%clk 00:00:14]} {[%emt 00:00:05]} 29. Qh3 {[%emt 00:00:15]} Qe7 {[%clk
00:00:11]} {[%emt 00:00:03]} 30. Qf3 {[%clk 00:00:10]} {[%emt 00:00:01]} Nxc4
{[%clk 00:00:08]} {[%emt 00:00:06]} 31. Qb3 {[%clk 00:00:11]} {[%emt 00:00:01]}
Nd6 {[%clk 00:00:08]} {[%emt 00:00:02]} 32. Rc1 {[%clk 00:00:07]} {[%emt
00:00:06]} Kh8 {[%clk 00:00:04]} {[%emt 00:00:07]} 33. Rc6 {[%clk 00:00:08]}
Kg8 {[%clk 00:00:05]} {[%emt 00:00:02]} 34. Qa3 {[%clk 00:00:08]} {[%emt
00:00:02]} Rd8 {[%clk 00:00:06]} {[%emt 00:00:01]} 35. Qa2 {[%clk 00:00:07]}
{[%emt 00:00:02]} Qd7 {[%clk 00:00:06]} {[%emt 00:00:03]} 36. Qc2 {[%clk
00:00:06]} {[%emt 00:00:02]} a5 {[%clk 00:00:06]} {[%emt 00:00:02]} 37. Rc7
{[%clk 00:00:08]} Qf5 {[%clk 00:00:06]} {[%emt 00:00:03]} 38. Rg7+ {[%clk
00:00:09]} Kh8 {[%clk 00:00:08]} {[%emt 00:00:01]} 39. Qc7 {[%clk 00:00:09]}
{[%emt 00:00:01]} Qb1+ {[%clk 00:00:08]} {[%emt 00:00:02]} 40. Kf2 {[%clk
00:00:11]} Rf8+ {[%clk 00:00:09]} {[%emt 00:00:01]} 41. Kg3 {[%clk 00:00:12]}
Qd3+ {[%clk 00:00:09]} {[%emt 00:00:01]} 42. Kh4 {[%clk 00:00:13]} {[%emt
00:00:01]} Nf5+ {[%clk 00:00:10]} {[%emt 00:00:01]} 43. Kg5 {[%clk 00:00:14]}
Qe3+ {[%clk 00:00:06]} {[%emt 00:00:06]} 44. Kg4 {[%clk 00:00:15]} Qd4+ {[%clk
00:00:06]} {[%emt 00:00:03]} 45. Kh3 {[%clk 00:00:15]} {[%emt 00:00:02]} Qd3+
{[%clk 00:00:07]} {[%emt 00:00:02]} 46. g3 {[%clk 00:00:16]} {[%emt 00:00:01]}
Qf1+ {[%clk 00:00:07]} 47. Kg4 {[%clk 00:00:18]} Nxh6+ {[%clk 00:00:08]} {[%emt
00:00:02]} 48. Kg5 {[%clk 00:00:18]} {[%emt 00:00:01]} Nf5 {[%emt 00:00:10]}
1-0

[Event "Turniej Blitza na II Lidze Juniorów 2018"]
[Site "Szczyrk, Poland"]
[Date "????.??.??"]
[Round "7.20"]
[White "Burdzicki, Stanislaw"]
[Black "Trybowska, Barbara"]
[Result "0-1"]
[TimeControl "3'+2\""]
[WhiteElo "1384"]
[BlackElo "1705"]

1. d4 {[%clk 00:03:03]} {[%emt 00:01:04]} b6 {[%clk 00:03:03]} 2. Nf3 {[%clk
00:03:01]} {[%emt 00:00:04]} Bb7 3. g3 {[%emt 00:00:02]} e6 {[%clk 00:03:05]}
{[%emt 00:00:01]} 4. Bg2 {[%clk 00:03:03]} {[%emt 00:00:01]} f5 {[%clk
00:03:07]} 5. O-O {[%clk 00:02:57]} {[%emt 00:00:09]} Nf6 {[%clk 00:03:08]} 6.
c4 {[%clk 00:02:56]} {[%emt 00:00:04]} Be7 {[%clk 00:03:07]} {[%emt 00:00:02]}
7. Nc3 {[%clk 00:02:54]} {[%emt 00:00:04]} O-O {[%clk 00:03:06]} {[%emt
00:00:04]} 8. Bg5 {[%clk 00:02:50]} {[%emt 00:00:06]} h6 {[%clk 00:03:07]}
{[%emt 00:00:01]} 9. Bxf6 {[%clk 00:02:47]} {[%emt 00:00:05]} Bxf6 {[%clk
00:03:08]} 10. Re1 {[%clk 00:02:45]} {[%emt 00:00:03]} d6 {[%clk 00:03:06]}
{[%emt 00:00:04]} 11. e4 {[%clk 00:02:28]} {[%emt 00:00:20]} fxe4 {[%clk
00:02:56]} {[%emt 00:00:12]} 12. Nxe4 {[%clk 00:02:28]} {[%emt 00:00:01]} Nd7
{[%clk 00:02:49]} {[%emt 00:00:09]} 13. Qd3 {[%clk 00:02:14]} {[%emt 00:00:17]}
e5 {[%clk 00:02:27]} {[%emt 00:00:23]} 14. dxe5 {[%clk 00:01:59]} {[%emt
00:00:17]} Nxe5 {[%clk 00:02:28]} {[%emt 00:00:02]} 15. Nxe5 {[%emt 00:00:03]}
Bxe5 {[%clk 00:02:26]} {[%emt 00:00:02]} 16. Re2 {[%clk 00:01:17]} {[%emt
00:00:44]} Rb8 {[%clk 00:02:27]} 17. Rd1 {[%clk 00:01:13]} {[%emt 00:00:06]}
Qc8 {[%clk 00:02:21]} {[%emt 00:00:08]} 18. f4 {[%clk 00:00:51]} {[%emt
00:00:25]} Bxe4 {[%clk 00:02:03]} {[%emt 00:00:20]} 19. Bxe4 {[%clk 00:00:52]}
{[%emt 00:00:01]} Bf6 {[%clk 00:02:04]} 20. Bh7+ {[%clk 00:00:52]} {[%emt
00:00:02]} Kh8 {[%clk 00:02:05]} {[%emt 00:00:01]} 21. Bf5 {[%clk 00:00:52]}
{[%emt 00:00:02]} Qd8 {[%clk 00:02:04]} {[%emt 00:00:02]} 22. Bh3 {[%clk
00:00:45]} {[%emt 00:00:08]} Re8 {[%clk 00:01:40]} {[%emt 00:00:27]} 23. Rde1
{[%clk 00:00:35]} {[%emt 00:00:14]} Rxe2 {[%clk 00:01:40]} {[%emt 00:00:01]} 24.
Rxe2 {[%emt 00:00:01]} Qf8 25. Qg6 {[%clk 00:00:33]} {[%emt 00:00:04]} Bd4+
{[%clk 00:01:26]} {[%emt 00:00:17]} 26. Kg2 {[%clk 00:00:32]} {[%emt 00:00:04]}
Qf6 {[%clk 00:01:27]} 27. Qxf6 {[%clk 00:00:31]} {[%emt 00:00:04]} Bxf6 {[%clk
00:01:27]} {[%emt 00:00:02]} 28. b3 {[%clk 00:00:32]} Kg8 {[%clk 00:01:25]}
{[%emt 00:00:04]} 29. Be6+ {[%clk 00:00:33]} {[%emt 00:00:01]} Kf8 {[%clk
00:01:26]} 30. Bd5 {[%clk 00:00:34]} {[%emt 00:00:01]} b5 {[%clk 00:01:17]}
{[%emt 00:00:11]} 31. g4 {[%clk 00:00:33]} {[%emt 00:00:03]} bxc4 {[%clk
00:01:17]} {[%emt 00:00:02]} 32. Bxc4 {[%clk 00:00:34]} c6 {[%clk 00:01:16]}
{[%emt 00:00:02]} 33. Re6 {[%clk 00:00:29]} {[%emt 00:00:07]} Rd8 {[%clk
00:01:09]} {[%emt 00:00:09]} 34. Bd3 {[%clk 00:00:23]} {[%emt 00:00:08]} Kf7
{[%clk 00:01:08]} {[%emt 00:00:03]} 35. f5 {[%clk 00:00:20]} {[%emt 00:00:06]}
Be5 {[%clk 00:01:06]} {[%emt 00:00:04]} 36. h4 {[%clk 00:00:19]} {[%emt
00:00:03]} Rb8 {[%clk 00:01:01]} {[%emt 00:00:06]} 37. Bc4 {[%clk 00:00:21]}
{[%emt 00:00:01]} Kf8 {[%clk 00:00:54]} {[%emt 00:00:09]} 38. g5 {[%clk
00:00:21]} {[%emt 00:00:02]} hxg5 {[%clk 00:00:54]} {[%emt 00:00:02]} 39. hxg5
{[%clk 00:00:22]} Re8 {[%clk 00:00:30]} {[%emt 00:00:25]} 40. Rg6 {[%clk
00:00:16]} {[%emt 00:00:08]} Bf4 {[%clk 00:00:25]} {[%emt 00:00:08]} 41. f6
{[%clk 00:00:13]} {[%emt 00:00:05]} gxf6 {[%clk 00:00:16]} {[%emt 00:00:11]} 42.
gxf6 {[%clk 00:00:12]} {[%emt 00:00:03]} d5 {[%clk 00:00:16]} {[%emt 00:00:02]}
43. Bd3 {[%clk 00:00:08]} {[%emt 00:00:05]} Kf7 {[%clk 00:00:16]} {[%emt
00:00:03]} 44. Rg4 {[%clk 00:00:06]} {[%emt 00:00:04]} Rg8 {[%clk 00:00:12]}
{[%emt 00:00:06]} 45. Rxg8 {[%clk 00:00:00]} {[%emt 00:00:07]} 0-1

[Event "Turniej Blitza na II Lidze Juniorów 2018"]
[Site "Szczyrk, Poland"]
[Date "????.??.??"]
[Round "7.29"]
[White "Krzyzosiak, Marta"]
[Black "Krzywnicka, Maria"]
[Result "0-1"]
[TimeControl "3'+2\""]
[WhiteElo "1461"]
[BlackElo "1573"]

1. e4 {[%clk 00:03:02]} {[%emt 00:00:01]} c5 {[%clk 00:03:04]} 2. Nf3 {[%emt
00:00:01]} d6 3. d4 {[%clk 00:03:03]} {[%emt 00:00:02]} cxd4 {[%clk 00:03:07]}
{[%emt 00:00:01]} 4. Nxd4 {[%clk 00:03:04]} {[%emt 00:00:01]} Nf6 {[%clk
00:03:08]} 5. Nc3 {[%clk 00:03:03]} {[%emt 00:00:02]} a6 {[%clk 00:03:10]} 6.
Be2 {[%clk 00:02:58]} {[%emt 00:00:08]} e5 {[%clk 00:03:11]} {[%emt 00:00:01]}
7. Nb3 {[%clk 00:02:58]} {[%emt 00:00:01]} Be7 {[%clk 00:03:11]} {[%emt
00:00:03]} 8. O-O {[%clk 00:02:58]} {[%emt 00:00:02]} Be6 {[%clk 00:03:11]}
{[%emt 00:00:02]} 9. Be3 {[%clk 00:02:56]} {[%emt 00:00:03]} O-O {[%clk
00:03:10]} {[%emt 00:00:03]} 10. Qd2 {[%clk 00:02:51]} {[%emt 00:00:08]} Nbd7
{[%clk 00:03:07]} {[%emt 00:00:05]} 11. f3 {[%clk 00:02:51]} {[%emt 00:00:02]}
Qc7 {[%clk 00:02:50]} {[%emt 00:00:19]} 12. Kh1 {[%clk 00:02:50]} {[%emt
00:00:03]} b5 {[%clk 00:02:28]} {[%emt 00:00:25]} 13. a3 {[%clk 00:02:50]} Rac8
{[%clk 00:02:19]} {[%emt 00:00:11]} 14. Rfd1 {[%clk 00:02:49]} {[%emt
00:00:03]} Rfd8 {[%clk 00:02:19]} {[%emt 00:00:01]} 15. Rac1 {[%clk 00:02:49]}
{[%emt 00:00:02]} Nb6 {[%clk 00:02:15]} {[%emt 00:00:06]} 16. Bxb6 {[%clk
00:02:45]} {[%emt 00:00:07]} Qxb6 {[%clk 00:02:13]} {[%emt 00:00:04]} 17. Nd5
{[%clk 00:02:44]} {[%emt 00:00:02]} Nxd5 {[%clk 00:01:57]} {[%emt 00:00:19]} 18.
exd5 {[%clk 00:02:44]} {[%emt 00:00:02]} Bd7 {[%clk 00:01:55]} {[%emt
00:00:03]} 19. Bd3 {[%clk 00:02:37]} {[%emt 00:00:09]} f5 {[%clk 00:01:53]}
{[%emt 00:00:05]} 20. f4 {[%clk 00:02:35]} {[%emt 00:00:04]} e4 {[%clk
00:01:41]} {[%emt 00:00:14]} 21. Be2 {[%clk 00:02:31]} {[%emt 00:00:06]} Bf6
{[%clk 00:01:39]} {[%emt 00:00:04]} 22. c3 {[%clk 00:02:29]} {[%emt 00:00:04]}
Qf2 {[%clk 00:01:21]} {[%emt 00:00:18]} 23. Rf1 {[%clk 00:02:10]} {[%emt
00:00:23]} Qh4 {[%clk 00:01:13]} {[%emt 00:00:09]} 24. Qe1 {[%clk 00:02:08]}
{[%emt 00:00:04]} Qh6 {[%clk 00:01:13]} {[%emt 00:00:02]} 25. Qg3 {[%clk
00:01:56]} {[%emt 00:00:15]} g6 {[%clk 00:01:04]} {[%emt 00:00:11]} 26. Rcd1
{[%clk 00:01:55]} {[%emt 00:00:02]} Qg7 {[%emt 00:00:05]} 27. Qe3 {[%clk
00:01:44]} {[%emt 00:00:09]} Re8 {[%clk 00:00:54]} {[%emt 00:00:14]} 28. Na5
{[%clk 00:01:35]} {[%emt 00:00:10]} Qe7 {[%clk 00:00:46]} {[%emt 00:00:10]} 29.
Nb3 {[%clk 00:01:30]} {[%emt 00:00:07]} Qd8 {[%clk 00:00:43]} {[%emt 00:00:06]}
30. Nd4 {[%clk 00:01:26]} {[%emt 00:00:05]} Qc7 {[%clk 00:00:43]} {[%emt
00:00:02]} 31. Rfe1 {[%clk 00:01:11]} {[%emt 00:00:17]} Qc5 {[%clk 00:00:43]}
{[%emt 00:00:02]} 32. h3 {[%clk 00:01:04]} {[%emt 00:00:10]} Bh4 {[%clk
00:00:38]} {[%emt 00:00:06]} 33. g3 {[%clk 00:01:00]} {[%emt 00:00:07]} Bf6
{[%clk 00:00:39]} 34. Nc2 {[%clk 00:00:57]} {[%emt 00:00:06]} Qc7 {[%clk
00:00:33]} {[%emt 00:00:09]} 35. Nb4 {[%clk 00:00:54]} {[%emt 00:00:04]} a5
{[%clk 00:00:30]} {[%emt 00:00:05]} 36. Nc2 {[%clk 00:00:51]} {[%emt 00:00:05]}
Qb7 {[%clk 00:00:26]} {[%emt 00:00:06]} 37. Nd4 {[%clk 00:00:48]} {[%emt
00:00:05]} Qb6 {[%clk 00:00:18]} {[%emt 00:00:08]} 38. Nxf5 {[%clk 00:00:47]}
{[%emt 00:00:04]} Qxe3 {[%clk 00:00:16]} {[%emt 00:00:05]} 39. Nxe3 {[%clk
00:00:47]} {[%emt 00:00:02]} Bxh3 {[%clk 00:00:12]} {[%emt 00:00:05]} 40. Bg4
{[%clk 00:00:41]} {[%emt 00:00:08]} Bxg4 {[%clk 00:00:11]} {[%emt 00:00:04]} 41.
Nxg4 {[%clk 00:00:42]} {[%emt 00:00:01]} Bg7 {[%clk 00:00:12]} {[%emt
00:00:01]} 42. Kg2 {[%clk 00:00:39]} {[%emt 00:00:04]} b4 {[%clk 00:00:10]}
{[%emt 00:00:04]} 43. axb4 {[%clk 00:00:32]} {[%emt 00:00:09]} axb4 {[%clk
00:00:11]} 44. Rc1 {[%clk 00:00:30]} {[%emt 00:00:05]} bxc3 {[%clk 00:00:11]}
{[%emt 00:00:02]} 45. bxc3 {[%clk 00:00:29]} {[%emt 00:00:03]} Rxc3 {[%clk
00:00:05]} {[%emt 00:00:08]} 46. Rxc3 {[%clk 00:00:29]} {[%emt 00:00:01]} Bxc3
{[%clk 00:00:06]} {[%emt 00:00:02]} 47. Ne3 {[%clk 00:00:28]} {[%emt 00:00:02]}
Bxe1 {[%clk 00:00:07]} {[%emt 00:00:02]} 48. Nc2 {[%clk 00:00:28]} {[%emt
00:00:02]} Bc3 {[%emt 00:00:02]} 49. Ne3 {[%emt 00:00:01]} Bd4 50. Kf2 {[%clk
00:00:28]} {[%emt 00:00:01]} Bc5 {[%clk 00:00:12]} {[%emt 00:00:01]} 51. Ke2
{[%clk 00:00:28]} {[%emt 00:00:01]} Kf7 {[%clk 00:00:13]} 52. g4 {[%clk
00:00:28]} {[%emt 00:00:03]} Bxe3 {[%clk 00:00:14]} 53. Kxe3 {[%emt 00:00:01]}
Kf6 54. Kf2 {[%clk 00:00:24]} {[%emt 00:00:05]} h5 {[%clk 00:00:17]} {[%emt
00:00:02]} 55. gxh5 {[%clk 00:00:25]} {[%emt 00:00:02]} gxh5 {[%clk 00:00:18]}
56. Kg3 {[%clk 00:00:23]} {[%emt 00:00:03]} Kf5 {[%clk 00:00:20]} {[%emt
00:00:01]} 57. Kf2 {[%clk 00:00:22]} {[%emt 00:00:03]} Kxf4 {[%clk 00:00:21]}
0-1

[Event "Turniej Blitza na II Lidze Juniorów 2018"]
[Site "Szczyrk, Poland"]
[Date "????.??.??"]
[Round "7.28"]
[White "Derylo, Kamil"]
[Black "Sidorczuk, Pawel"]
[Result "0-1"]
[TimeControl "3'+2\""]
[WhiteElo "1613"]
[BlackElo "1120"]

1. e4 {[%clk 00:03:02]} {[%emt 00:00:02]} e5 {[%clk 00:03:03]} {[%emt
00:00:01]} 2. Nf3 {[%clk 00:03:03]} {[%emt 00:00:01]} Nc6 {[%clk 00:03:04]}
{[%emt 00:00:01]} 3. d4 {[%clk 00:03:04]} exd4 {[%clk 00:03:05]} {[%emt
00:00:02]} 4. Bc4 {[%clk 00:03:05]} Nf6 {[%clk 00:03:06]} {[%emt 00:00:02]} 5.
e5 {[%clk 00:03:06]} d5 {[%clk 00:03:07]} {[%emt 00:00:02]} 6. Bb5 {[%clk
00:03:07]} Ne4 {[%clk 00:03:08]} {[%emt 00:00:02]} 7. Nxd4 {[%clk 00:03:08]}
Bd7 {[%clk 00:03:10]} {[%emt 00:00:01]} 8. Bxc6 {[%clk 00:03:08]} {[%emt
00:00:01]} bxc6 {[%clk 00:03:11]} 9. O-O {[%clk 00:03:09]} {[%emt 00:00:01]} c5
{[%clk 00:03:09]} {[%emt 00:00:04]} 10. Ne2 {[%clk 00:03:00]} {[%emt 00:00:10]}
c6 {[%clk 00:03:01]} {[%emt 00:00:12]} 11. f3 {[%clk 00:02:54]} {[%emt
00:00:07]} Ng5 {[%clk 00:03:02]} {[%emt 00:00:01]} 12. f4 {[%clk 00:02:55]} Ne4
{[%clk 00:03:00]} {[%emt 00:00:04]} 13. Nd2 {[%clk 00:02:40]} {[%emt 00:00:16]}
Nxd2 14. Bxd2 {[%clk 00:02:40]} Be7 {[%clk 00:02:47]} {[%emt 00:00:11]} 15. Ng3
{[%clk 00:02:24]} {[%emt 00:00:18]} O-O {[%clk 00:02:35]} {[%emt 00:00:14]} 16.
f5 {[%clk 00:02:22]} {[%emt 00:00:03]} Bg5 {[%clk 00:02:36]} 17. Bxg5 {[%clk
00:01:48]} {[%emt 00:00:36]} Qxg5 {[%clk 00:02:37]} {[%emt 00:00:02]} 18. Qf3
{[%clk 00:01:44]} {[%emt 00:00:06]} Rae8 {[%clk 00:02:22]} {[%emt 00:00:16]} 19.
Rae1 {[%clk 00:01:44]} {[%emt 00:00:02]} h6 {[%clk 00:01:55]} {[%emt 00:00:30]}
20. Qa3 {[%clk 00:01:33]} {[%emt 00:00:13]} Qd2 {[%clk 00:01:32]} {[%emt
00:00:25]} 21. Qxc5 {[%clk 00:01:24]} {[%emt 00:00:09]} g6 {[%clk 00:00:52]}
{[%emt 00:00:44]} 22. fxg6 {[%clk 00:00:52]} {[%emt 00:00:34]} fxg6 {[%clk
00:00:52]} 23. Qd6 {[%clk 00:00:38]} {[%emt 00:00:16]} Qd4+ {[%clk 00:00:25]}
{[%emt 00:00:30]} 24. Kh1 {[%clk 00:00:35]} {[%emt 00:00:05]} Bg4 {[%clk
00:00:05]} {[%emt 00:00:22]} 25. Qxg6+ {[%clk 00:00:25]} {[%emt 00:00:12]} Kh8
{[%clk 00:00:06]} 26. Qxg4 {[%clk 00:00:22]} {[%emt 00:00:05]} Qxg4 {[%clk
00:00:07]} {[%emt 00:00:01]} 0-1

[Event "Turniej Blitza na II Lidze Juniorów 2018"]
[Site "Szczyrk, Poland"]
[Date "????.??.??"]
[Round "7.12"]
[White "Kaliszuk, Kamil"]
[Black "Marczuk, Dominik"]
[Result "0-1"]
[TimeControl "3'+2\""]
[WhiteElo "1590"]
[BlackElo "2112"]

1. c4 {[%clk 00:03:03]} f5 {[%clk 00:02:54]} {[%emt 00:00:10]} 2. Nc3 {[%clk
00:03:03]} {[%emt 00:00:01]} Nf6 {[%clk 00:02:56]} 3. g3 g6 4. Bg2 {[%clk
00:03:06]} Bg7 {[%clk 00:02:59]} 5. e3 {[%clk 00:03:07]} O-O {[%clk 00:03:00]}
{[%emt 00:00:02]} 6. Nge2 {[%clk 00:03:09]} d6 {[%clk 00:03:01]} {[%emt
00:00:01]} 7. d4 {[%clk 00:03:10]} c6 {[%clk 00:02:56]} {[%emt 00:00:07]} 8.
O-O {[%clk 00:03:05]} {[%emt 00:00:07]} e5 {[%clk 00:02:57]} {[%emt 00:00:01]}
9. b3 {[%clk 00:03:04]} {[%emt 00:00:04]} e4 {[%clk 00:02:55]} {[%emt
00:00:04]} 10. Bb2 {[%clk 00:03:04]} Be6 {[%clk 00:02:45]} {[%emt 00:00:12]} 11.
d5 {[%clk 00:02:59]} {[%emt 00:00:08]} Bf7 {[%clk 00:02:29]} {[%emt 00:00:18]}
12. Rc1 {[%clk 00:02:54]} {[%emt 00:00:08]} c5 {[%clk 00:02:28]} {[%emt
00:00:02]} 13. h4 {[%clk 00:02:52]} {[%emt 00:00:04]} a6 {[%clk 00:02:24]}
{[%emt 00:00:07]} 14. Nf4 {[%clk 00:02:50]} {[%emt 00:00:04]} Qe7 {[%clk
00:02:08]} {[%emt 00:00:17]} 15. a3 {[%clk 00:02:26]} {[%emt 00:00:27]} h6
{[%clk 00:02:08]} {[%emt 00:00:02]} 16. Nh3 {[%clk 00:02:25]} {[%emt 00:00:02]}
Nbd7 {[%clk 00:02:07]} {[%emt 00:00:02]} 17. b4 {[%clk 00:02:24]} {[%emt
00:00:04]} Rac8 {[%clk 00:02:00]} {[%emt 00:00:10]} 18. Ne2 {[%clk 00:02:24]}
{[%emt 00:00:01]} Ng4 {[%clk 00:01:54]} {[%emt 00:00:08]} 19. Bxg7 {[%clk
00:02:21]} {[%emt 00:00:06]} Kxg7 {[%clk 00:01:55]} {[%emt 00:00:01]} 20. Qb3
{[%clk 00:02:07]} {[%emt 00:00:16]} Nge5 {[%clk 00:01:45]} {[%emt 00:00:12]} 21.
Rb1 {[%clk 00:01:30]} {[%emt 00:00:38]} g5 {[%clk 00:01:38]} {[%emt 00:00:09]}
22. hxg5 {[%clk 00:01:01]} {[%emt 00:00:32]} hxg5 {[%clk 00:01:39]} 23. Qb2
{[%clk 00:00:23]} {[%emt 00:00:39]} Bh5 {[%clk 00:01:34]} {[%emt 00:00:07]} 24.
Nef4 {[%clk 00:00:09]} {[%emt 00:00:17]} gxf4 {[%clk 00:01:26]} {[%emt
00:00:09]} 25. exf4 {[%clk 00:00:10]} {[%emt 00:00:01]} Rh8 {[%clk 00:00:47]}
{[%emt 00:00:42]} 26. fxe5 {[%clk 00:00:10]} {[%emt 00:00:01]} dxe5 {[%clk
00:00:48]} 27. Nf4 {[%clk 00:00:11]} {[%emt 00:00:02]} Bf3 {[%clk 00:00:40]}
{[%emt 00:00:10]} 28. Ne6+ {[%clk 00:00:11]} {[%emt 00:00:02]} Kf7 {[%clk
00:00:39]} {[%emt 00:00:02]} 29. Qd2 {[%clk 00:00:10]} {[%emt 00:00:03]} cxb4
{[%clk 00:00:19]} {[%emt 00:00:22]} 30. Bxf3 {[%clk 00:00:07]} {[%emt
00:00:06]} exf3 {[%clk 00:00:19]} {[%emt 00:00:01]} 31. Ng5+ {[%clk 00:00:08]}
{[%emt 00:00:01]} Kg6 {[%clk 00:00:19]} {[%emt 00:00:03]} 32. Nxf3 {[%clk
00:00:09]} {[%emt 00:00:01]} Qh7 {[%clk 00:00:09]} {[%emt 00:00:12]} 33. Qg5+
{[%clk 00:00:10]} {[%emt 00:00:01]} Kf7 {[%clk 00:00:10]} 0-1